Normal view
MARC view
- डांगे स.अं
Entry Personal Name
001 - CONTROL NUMBER
- control field: 35430
003 - CONTROL NUMBER IDENTIFIER
- control field: OSt
005 - DATE AND TIME OF LATEST TRANSACTION
- control field: 20220806095105.0
008 - FIXED-LENGTH DATA ELEMENTS
- fixed length control field: 220806|| aca||aabn | a|a d
040 ## - CATALOGING SOURCE
- Original cataloging agency: OSt
- Transcribing agency: OSt
100 ## - HEADING--PERSONAL NAME
- Personal name: डांगे स.अं
670 ## - SOURCE DATA FOUND
- Source citation: Work cat.: (OSt)21734: डांगे स.अं., हिंदू धर्म आणि तत्वज्ञान, 1995